| 000 | 00816nam a2200205 a 4500 | ||
|---|---|---|---|
| 001 | 000005983 | ||
| 003 | AM-YeHGA | ||
| 005 | 20250617162410.0 | ||
| 008 | 021219s1956 ||||||||||||||||||||rus|c | ||
| 040 | _aAM-YeHGA | ||
| 245 | 0 | 0 |
_aТифлопедагогика : _bСборник докладов / _cАПН РСФСР. Ленингр. ин-т педагогики ; Под ред. Б.И. Коваленко. |
| 250 | _a2-е изд., доп. | ||
| 260 |
_aМосква : _bИзд-во АПН РСФСР, _c1956. |
||
| 300 | _a312 с. | ||
| 440 | 0 | _aПедагогические чтения | |
| 650 | 1 | 4 | _aТифлопедагогика |
| 700 | 1 |
_aКоваленко, Б.И. _eред. _4edt |
|
| 710 | 2 | _aЛенинградский институт педагогики АПН РСФСР | |
| 090 | _c492088 | ||
| 999 |
_c488718 _d488718 |
||